[Event "Heart of Finland 2015"]
[Site "Jyvaskyla"]
[Date "2015.07.15"]
[Round "4.17"]
[White "Vilppolainen Markku"]
[Black "Anttila Perttu"]
[Result "1-0"]
[WhiteElo "1968"]
[BlackElo "2161"]
[PlyCount "90"]
[EventDate "2015.??.??"]
[WhiteClock "0:31:15"]
[BlackClock "0:45:02"]

1. e4 e6 2. d3 d5 3. Nd2 Nf6 4. Ngf3 dxe4 5. dxe4 Bc5 6. Be2 b6 7. c3 Bb7 8.
Qc2 Nbd7 9. O-O O-O 10. a4 a5 11. Bd3 Ng4 12. Nc4 e5 13. Qe2 Re8 14. h3 Ngf6
15. Nfd2 g6 16. Kh2 Bf8 17. Bc2 Nc5 18. Rd1 Qe7 19. g3 Rad8 20. f3 Ba6 21. b3
Qe6 22. Ba3 h5 23. h4 Ncd7 24. Bxf8 Kxf8 25. Qe3 Kg7 26. Nb2 Nc5 27. Kg2 Re7
28. b4 axb4 29. cxb4 Ncd7 30. Bb3 Qd6 31. Qc3 c5 32. b5 Bb7 33. Ndc4 Qc7 34.
Nd6 Ba8 35. Rd2 Ne8 36. Rad1 Nxd6 37. Rxd6 Rde8 38. Nc4 f6 39. Qd2 Nf8 40. Nxb6
Rb8 41. Nxa8 Rxa8 42. Qd5 c4 43. Bxc4 Rxa4 44. Qg8+ Kh6 45. Qxf8+ Rg7 1-0

[Event "Heart of Finland 2015"]
[Site "Jyvaskyla"]
[Date "2015.07.16"]
[Round "5.1"]
[White "Kulaots Kaido"]
[Black "Kiik Kalle"]
[Result "1-0"]
[WhiteElo "2574"]
[BlackElo "2374"]
[PlyCount "51"]
[EventDate "2015.??.??"]
[WhiteClock "0:13:12"]
[BlackClock "0:09:02"]

1. e4 c5 2. Nf3 Nc6 3. Nc3 e5 4. Bc4 d6 5. d3 Be7 6. O-O Nf6 7. h3 O-O 8. a3
Rb8 9. b4 a6 10. bxc5 dxc5 11. a4 h6 12. Be3 Bd6 13. Nh4 Kh7 14. Nf5 Bxf5 15.
exf5 Nd4 16. g4 Bc7 17. g5 Ba5 18. Ne4 Nxe4 19. dxe4 g6 20. Kh1 hxg5 21. Qg4 f6
22. h4 Kg7 23. hxg5 Qe7 24. Kg2 Nxc2 25. gxf6+ Rxf6 26. Bh6+ 1-0

[Event "Heart of Finland 2015"]
[Site "Jyvaskyla"]
[Date "2015.07.16"]
[Round "5.2"]
[White "Koykka Pekka"]
[Black "Moiseenko Vadim"]
[Result "0-1"]
[WhiteElo "2303"]
[BlackElo "2494"]
[PlyCount "104"]
[EventDate "2015.??.??"]
[WhiteClock "0:05:45"]
[BlackClock "0:18:58"]

1. e4 c5 2. Nf3 d6 3. d4 cxd4 4. Nxd4 Nf6 5. Nc3 a6 6. Be3 Ng4 7. Bc1 Nf6 8.
Be3 e6 9. Bd3 Nbd7 10. f4 b5 11. Qf3 Bb7 12. O-O b4 13. Nb1 Nc5 14. Nd2 g6 15.
N4b3 Nxd3 16. cxd3 Bg7 17. Nc4 Rb8 18. Rac1 O-O 19. Nca5 Qd7 20. Nxb7 Rxb7 21.
Rc4 Rc8 22. Rfc1 Rxc4 23. Rxc4 Rb8 24. Rc1 Qa4 25. Qd1 Nd7 26. Qc2 Rf8 27. Qb1
Bh6 28. Rc7 Ne5 29. Bc1 Ng4 30. h3 Nf6 31. Kh2 Nh5 32. f5 Bxc1 33. Qxc1 exf5
34. exf5 Qb5 35. fxg6 Qe5+ 36. Kg1 hxg6 37. Rc4 Ng3 38. Kf2 Re8 39. Nd4 Ne2 40.
Nxe2 Qxe2+ 41. Kg1 Qxd3 42. Rxb4 Qg3 43. Kf1 Re5 44. Rb8+ Kg7 45. Rb3 Qh4 46.
Rf3 d5 47. Rf2 Qe4 48. Kg1 d4 49. Qf4 f5 50. Qd2 d3 51. Kh2 Rc5 52. Rf3 Qxf3
0-1

[Event "Heart of Finland 2015"]
[Site "Jyvaskyla"]
[Date "2015.07.16"]
[Round "5.3"]
[White "Solozhenkin Evgeny"]
[Black "Agopov Mikael"]
[Result "1-0"]
[WhiteElo "2464"]
[BlackElo "2458"]
[PlyCount "173"]
[EventDate "2015.??.??"]
[WhiteClock "0:06:59"]
[BlackClock "0:03:25"]

1. e4 c5 2. Nf3 d6 3. d4 cxd4 4. Nxd4 Nf6 5. Nc3 a6 6. Be2 e6 7. O-O Be7 8. f4
O-O 9. a4 Nc6 10. Kh1 Qc7 11. Be3 Re8 12. Bf3 Bf8 13. Qd2 Nxd4 14. Bxd4 e5 15.
Bf2 exf4 16. Bd4 Be7 17. Qxf4 Be6 18. e5 dxe5 19. Bxe5 Qc8 20. Qg3 g6 21. Rad1
Rd8 22. Rxd8+ Bxd8 23. Qf4 Nd7 24. Bd6 Nf6 25. Qb4 Ra7 26. a5 Qc4 27. Rd1 Qxb4
28. Bxb4 Nd7 29. Na4 Bc7 30. Nc5 Nxc5 31. Bxc5 Ra8 32. b4 Rb8 33. Ba7 Ra8 34.
Bf2 Rb8 35. Bb6 Be5 36. Kg1 f6 37. Kf2 Kf7 38. h3 Rc8 39. Bc5 Rc7 40. Rd8 f5
41. Ke3 h5 42. c3 Bxc3 43. Rf8+ Kg7 44. Rb8 Be5 45. Rxb7 f4+ 46. Kd3 Bf5+ 47.
Ke2 Bc8 48. Rb6 Bf6 49. Be4 g5 50. Bd3 g4 51. hxg4 Bxg4+ 52. Kf1 Rd7 53. Be2
Rd2 54. Bxg4 hxg4 55. Rxa6 Bh4 56. Rd6 Ra2 57. a6 Ra1+ 58. Ke2 Ra2+ 59. Kd3 f3
60. gxf3 gxf3 61. Rd4 f2 62. Rf4 Rxa6 63. Bxf2 Bg5 64. Bd4+ Kg6 65. Rf1 Ra4 66.
Kc3 Bd2+ 67. Kxd2 Rxb4 68. Ke3 Rc4 69. Ke4 Ra4 70. Rg1+ Kf7 71. Rg7+ Ke6 72.
Rb7 Ra6 73. Rb1 Rc6 74. Rh1 Rc2 75. Rh6+ Ke7 76. Kd5 Kf7 77. Rf6+ Ke7 78. Rg6
Rd2 79. Rg7+ Kf8 80. Ra7 Rd1 81. Ke5 Re1+ 82. Kf5 Rf1+ 83. Ke6 Kg8 84. Rg7+ Kf8
85. Rh7 Re1+ 86. Be5 Rg1 87. Ra7 1-0

[Event "Heart of Finland 2015"]
[Site "Jyvaskyla"]
[Date "2015.07.16"]
[Round "5.4"]
[White "Alekseenko Kirill"]
[Black "Jacobsen Mikkel Manosri"]
[Result "1-0"]
[WhiteElo "2513"]
[BlackElo "2370"]
[PlyCount "61"]
[EventDate "2015.??.??"]

1. e4 c6 2. d4 d5 3. e5 Bf5 4. Nf3 e6 5. Be2 Nd7 6. O-O Ne7 7. Nh4 Bg6 8. Nd2
c5 9. c3 Nc6 10. Nxg6 hxg6 11. Nf3 cxd4 12. cxd4 Be7 13. Be3 Rc8 14. g3 Qb6 15.
Rb1 a5 16. h4 Bd8 17. a3 Qa7 18. Bb5 Bb6 19. Qd3 Rc7 20. Rfc1 Ndb8 21. Kg2 Kf8
22. b4 Ne7 23. Rxc7 Bxc7 24. Qc2 Bb6 25. Bd2 f6 26. bxa5 Bxa5 27. Bxa5 Qxa5 28.
Qc5 b6 29. Qd6 Kf7 30. exf6 gxf6 31. Re1 1-0

[Event "Heart of Finland 2015"]
[Site "Jyvaskyla"]
[Date "2015.07.16"]
[Round "5.5"]
[White "Sklyarov Dmitry"]
[Black "Salimaki Janne"]
[Result "1-0"]
[WhiteElo "2436"]
[BlackElo "2106"]
[PlyCount "59"]
[EventDate "2015.??.??"]
[WhiteClock "0:31:04"]
[BlackClock "0:06:00"]

1. e4 e5 2. Nf3 Nc6 3. c3 Nf6 4. d3 d5 5. Nbd2 a5 6. Be2 Bc5 7. O-O Ba7 8. exd5
Qxd5 9. Nc4 O-O 10. Bg5 Nh5 11. Nfd2 Nf4 12. Bxf4 exf4 13. d4 Re8 14. a4 Bf5
15. Bf3 Qd7 16. Qb3 Rab8 17. Rfe1 Bd3 18. Be4 Bxe4 19. Rxe4 Rxe4 20. Nxe4 f3
21. gxf3 Qh3 22. Ncd2 h6 23. Kh1 Ne7 24. Rg1 Nf5 25. Nf6+ Kh8 26. Qxf7 gxf6 27.
Qxf6+ Kh7 28. Qf7+ Kh8 29. Rg4 h5 30. Qf6+ 1-0

[Event "Heart of Finland 2015"]
[Site "Jyvaskyla"]
[Date "2015.07.16"]
[Round "5.6"]
[White "Torkkola Henri"]
[Black "Lobanov Sergei"]
[Result "1/2-1/2"]
[WhiteElo "2119"]
[BlackElo "2342"]
[PlyCount "100"]
[EventDate "2015.??.??"]
[WhiteClock "0:19:11"]
[BlackClock "0:29:43"]

1. Nf3 Nf6 2. c4 e6 3. g3 d5 4. d4 Be7 5. Bg2 O-O 6. O-O dxc4 7. Ne5 Nc6 8.
Bxc6 bxc6 9. Nxc6 Qe8 10. Nxe7+ Qxe7 11. Qa4 e5 12. dxe5 Qxe5 13. Nc3 Be6 14.
Qb5 c5 15. Bf4 Qh5 16. f3 Rac8 17. Rfd1 Rfe8 18. Rd2 Qh3 19. Rad1 h5 20. Bg5
Qf5 21. Bxf6 Qxf6 22. Ne4 Qe5 23. Nd6 Rb8 24. Qc6 Qe3+ 25. Kg2 Re7 26. Ne4 Reb7
27. Qd6 Bf5 28. Qe5 Bxe4 29. fxe4 Rb6 30. Rd8+ Rxd8 31. Rxd8+ Kh7 32. Qxh5+ Rh6
33. Qf5+ Rg6 34. Qf3 Qg5 35. Rd5 Qe7 36. Qf5 Qf6 37. Qxf6 Rxf6 38. Rxc5 Rb6 39.
Rxc4 Rxb2 40. Ra4 Rxe2+ 41. Kf3 Rxh2 42. Rxa7 Kg6 43. a4 Ra2 44. a5 f5 45.
exf5+ Kxf5 46. Rxg7 Ra3+ 47. Kg2 Rxa5 48. Kh3 Kf6 49. Rg4 Rh5+ 50. Rh4 Kg5
1/2-1/2

[Event "Heart of Finland 2015"]
[Site "Jyvaskyla"]
[Date "2015.07.16"]
[Round "5.7"]
[White "Alho Sauli"]
[Black "Saveliev Aleksei"]
[Result "0-1"]
[WhiteElo "2112"]
[BlackElo "2294"]
[PlyCount "72"]
[EventDate "2015.??.??"]
[WhiteClock "0:01:26"]
[BlackClock "0:16:54"]

1. e4 c5 2. Nf3 e6 3. d4 cxd4 4. Nxd4 a6 5. Nc3 Qc7 6. Be2 Nf6 7. O-O Nc6 8.
Be3 Be7 9. f4 d6 10. Kh1 O-O 11. Qe1 Bd7 12. Qg3 Nxd4 13. Bxd4 Bc6 14. Rad1 b5
15. a3 Rac8 16. e5 dxe5 17. fxe5 Ne4 18. Qg4 Nxc3 19. Bxc3 Bd5 20. Rf4 g6 21.
h4 Bxa3 22. Bd3 Bc5 23. h5 b4 24. hxg6 fxg6 25. Rxf8+ Rxf8 26. Bd4 Bxd4 27.
Qxd4 a5 28. Qe3 Qe7 29. Qg3 Kg7 30. Ra1 Qc5 31. Qh4 Rf2 32. Rg1 Qe3 33. Qe7+
Rf7 34. Qh4 Rf4 35. Qe7+ Kh6 36. Kh2 Qxe5 0-1

[Event "Heart of Finland 2015"]
[Site "Jyvaskyla"]
[Date "2015.07.16"]
[Round "5.8"]
[White "Virtanen Teemu"]
[Black "Reinwald Patrick"]
[Result "1/2-1/2"]
[WhiteElo "2028"]
[BlackElo "2247"]
[PlyCount "38"]
[EventDate "2015.??.??"]
[WhiteClock "0:35:40"]
[BlackClock "1:03:27"]

1. c4 Nf6 2. g3 e6 3. Bg2 d5 4. Nf3 Be7 5. O-O O-O 6. d4 Nbd7 7. Nc3 dxc4 8. e4
c6 9. a4 e5 10. dxe5 Ng4 11. Bf4 Qa5 12. Qd4 Rd8 13. Qxc4 Ndxe5 14. Nxe5 Nxe5
15. Qe2 Nd3 16. Rfd1 Nxf4 17. Rxd8+ Bxd8 18. gxf4 Bc7 19. e5 Bf5 1/2-1/2

[Event "Heart of Finland 2015"]
[Site "Jyvaskyla"]
[Date "2015.07.16"]
[Round "5.9"]
[White "Mertanen Janne"]
[Black "Vilppolainen Markku"]
[Result "1-0"]
[WhiteElo "2228"]
[BlackElo "1968"]
[PlyCount "83"]
[EventDate "2015.??.??"]
[WhiteClock "0:28:44"]
[BlackClock "0:34:12"]

1. d4 d6 2. c4 e5 3. Nc3 exd4 4. Qxd4 Nc6 5. Qd2 Nf6 6. e4 g6 7. f3 Bg7 8. Nge2
O-O 9. b3 Re8 10. Bb2 a6 11. Nf4 Ne5 12. Be2 c6 13. O-O b5 14. cxb5 axb5 15.
Rfd1 Qb6+ 16. Kh1 Bb7 17. a4 d5 18. exd5 b4 19. Ne4 Nxe4 20. fxe4 Bh6 21. Bd4
Qa5 22. Be3 cxd5 23. Nh5 Bxe3 24. Nf6+ Kg7 25. Nxe8+ Rxe8 26. Qxe3 dxe4 27.
Rac1 Qa8 28. Rc7 Re6 29. Rf1 Qb8 30. Qc5 Bc6 31. Qa7 Qxa7 32. Rxa7 h5 33. h4
Bd5 34. a5 Bxb3 35. Rb7 Bc4 36. Bxc4 Nxc4 37. Rfxf7+ Kg8 38. Rfc7 Nd6 39. Rb8+
Re8 40. Rxe8+ Nxe8 41. Rc8 Kf7 42. Rxe8 1-0

[Event "Heart of Finland 2015"]
[Site "Jyvaskyla"]
[Date "2015.07.16"]
[Round "5.10"]
[White "Chernyak Viktoria"]
[Black "Shakirova Renata"]
[Result "1-0"]
[WhiteElo "2136"]
[BlackElo "1809"]
[PlyCount "69"]
[EventDate "2015.??.??"]
[WhiteClock "0:24:17"]
[BlackClock "0:09:25"]

1. c4 Nf6 2. Nf3 e6 3. g3 c5 4. Bg2 d5 5. cxd5 Nxd5 6. Nc3 Be7 7. O-O Nc6 8. d4
Nxc3 9. bxc3 O-O 10. e4 b6 11. Re1 Bb7 12. Bf4 Na5 13. Qe2 Qc8 14. Nd2 Rd8 15.
d5 exd5 16. exd5 Bd6 17. Bxd6 Rxd6 18. c4 Ba6 19. Rac1 Rd8 20. Qd3 Nc6 21. Nf3
h6 22. Qe3 Na5 23. Ne5 Qf5 24. Be4 Qf6 25. Bd3 Qd6 26. Qe4 g6 27. Qf4 Qf8 28.
Ng4 h5 29. Nf6+ Kh8 30. Re5 Nc6 31. Nxh5 Nxe5 32. Qxe5+ f6 33. Nxf6 Qg7 34. Qg5
Qe7 35. Qh6+ 1-0

[Event "Heart of Finland 2015"]
[Site "Jyvaskyla"]
[Date "2015.07.16"]
[Round "5.11"]
[White "Kilpela Panu"]
[Black "Seeman Tarvo"]
[Result "0-1"]
[WhiteElo "2112"]
[BlackElo "2414"]
[PlyCount "94"]
[EventDate "2015.??.??"]
[WhiteClock "0:08:06"]
[BlackClock "0:36:20"]

1. c4 g6 2. g3 Bg7 3. Nc3 d6 4. Bg2 e5 5. e4 Be6 6. Nge2 Nc6 7. d3 Nge7 8. Nd5
O-O 9. Bg5 f6 10. Be3 f5 11. Qd2 Qd7 12. O-O Rf7 13. f4 Raf8 14. Rad1 b6 15. b3
Nd4 16. Nxd4 exd4 17. Bf2 fxe4 18. dxe4 c5 19. Nxe7+ Rxe7 20. Qd3 a6 21. Qb1
Ree8 22. Qc2 Rb8 23. Rb1 b5 24. Rfc1 bxc4 25. bxc4 a5 26. Bf1 Bg4 27. Rb5 Qc7
28. Be1 Bd7 29. Rbb1 Bc6 30. Bd3 a4 31. a3 Qe7 32. Bf2 Rfe8 33. Re1 Qc7 34.
Rxb8 Qxb8 35. Rb1 Qc7 36. Kf1 Qa5 37. Kg1 Qc3 38. Rb6 Qxc2 39. Bxc2 Bxe4 40.
Bxe4 Rxe4 41. Rxd6 Bf8 42. Rd8 Re2 43. Kg2 Rc2 44. Kf3 Rxc4 45. Ke4 Rc2 46.
Bxd4 Rc4 47. Ke5 cxd4 0-1

[Event "Heart of Finland 2015"]
[Site "Jyvaskyla"]
[Date "2015.07.16"]
[Round "5.12"]
[White "Bottema Martin"]
[Black "Luukkonen Tommi"]
[Result "0-1"]
[WhiteElo "2093"]
[BlackElo "2348"]
[PlyCount "102"]
[EventDate "2015.??.??"]

1. e4 c5 2. Nf3 d6 3. Bb5+ Nd7 4. d4 cxd4 5. Qxd4 a6 6. Bxd7+ Bxd7 7. c4 Rc8 8.
Nc3 Bg4 9. O-O Bxf3 10. gxf3 Nf6 11. Bg5 Nd7 12. Kg2 e5 13. Qd2 f6 14. Be3 Rxc4
15. Nd5 Be7 16. Rac1 Rc6 17. Rfd1 Qb8 18. Qd3 Bd8 19. Qb3 Nc5 20. Bxc5 dxc5 21.
Ne3 Qc7 22. Qd5 Be7 23. Nf5 Bf8 24. b3 g6 25. Ne3 Bh6 26. Rc3 Ke7 27. Rcd3 Bxe3
28. fxe3 b5 29. Qd7+ Qxd7 30. Rxd7+ Ke6 31. Ra7 c4 32. bxc4 bxc4 33. Rad7 c3
34. R7d3 c2 35. Rc1 Rb8 36. Rd2 Rb2 37. a3 a5 38. Kf2 a4 39. Ke2 g5 40. Rd3 h5
41. Kd2 g4 42. fxg4 hxg4 43. Rc3 Rxc3 44. Kxc3 Rb3+ 45. Kd2 Rxa3 46. Rxc2 Rb3
47. Rc6+ Kf7 48. Ra6 a3 49. Ra4 Kg6 50. Ra8 Rb2+ 51. Kd3 a2 0-1

[Event "Heart of Finland 2015"]
[Site "Jyvaskyla"]
[Date "2015.07.16"]
[Round "5.13"]
[White "Rantanen Yrjo"]
[Black "Arpalahti Antti"]
[Result "1-0"]
[WhiteElo "2293"]
[BlackElo "2112"]
[PlyCount "161"]
[EventDate "2015.??.??"]
[WhiteClock "0:04:18"]
[BlackClock "0:02:55"]

1. e4 e6 2. d4 d5 3. e5 c5 4. c3 Nc6 5. Nf3 Bd7 6. a3 Qc7 7. Bd3 O-O-O 8. O-O
f6 9. Re1 c4 10. Bf1 Nge7 11. b3 cxb3 12. Qxb3 fxe5 13. Nxe5 Nxe5 14. Rxe5 Nc6
15. Re1 Bd6 16. h3 Rhg8 17. Be3 Kb8 18. Qc2 h6 19. c4 g5 20. Be2 dxc4 21. Qxc4
Ne7 22. Qxc7+ Bxc7 23. Nd2 Nd5 24. Ne4 Bb6 25. a4 Bc6 26. Bf3 Nxe3 27. fxe3 Ba5
28. Reb1 Bxe4 29. Bxe4 b6 30. Rb5 Rgf8 31. Re5 Rd6 32. Rf1 Rxf1+ 33. Kxf1 Kc7
34. Ke2 Kd7 35. Bf3 Ke7 36. Kd3 Kf6 37. Ke2 Bc3 38. g3 Rd8 39. Kf2 Bb4 40. Bg4
Re8 41. Rb5 Bd6 42. a5 Bc7 43. axb6 Bxb6 44. Re5 Bc7 45. Rc5 Bd6 46. Rc6 Rd8
47. Ra6 e5 48. Rxa7 exd4 49. exd4 Bb8 50. Rb7 Bd6 51. Rb6 Kg7 52. Bf5 h5 53. g4
hxg4 54. hxg4 Bf4 55. Rb7+ Kf6 56. Rb4 Ke7 57. Kf3 Kd6 58. Ke4 Re8+ 59. Kd3 Ra8
60. Rb6+ Kc7 61. Rg6 Rd8 62. Rg7+ Kd6 63. Kc4 Be3 64. Rg6+ Kc7 65. d5 Rd6 66.
Rg7+ Kb6 67. Bc8 Rd8 68. Rb7+ Ka5 69. Rb5+ Ka4 70. Bf5 Bf4 71. Bc2+ Ka3 72.
Rb3+ Ka2 73. Bb1+ Ka1 74. Bf5 Ka2 75. Rb7 Be3 76. Bd7 Rf8 77. d6 Rf4+ 78. Kd5
Rd4+ 79. Ke5 Rd2 80. Be6+ Ka1 81. d7 1-0

[Event "Heart of Finland 2015"]
[Site "Jyvaskyla"]
[Date "2015.07.16"]
[Round "5.14"]
[White "Johansson Jukka"]
[Black "Nevanlinna Risto"]
[Result "1-0"]
[WhiteElo "2089"]
[BlackElo "2244"]
[PlyCount "65"]
[EventDate "2015.??.??"]
[WhiteClock "0:07:30"]
[BlackClock "0:17:18"]

1. d4 Nf6 2. c4 e6 3. Nc3 Bb4 4. Qc2 Nc6 5. Nf3 d6 6. Bd2 Qe7 7. a3 Bxc3 8.
Bxc3 e5 9. d5 Nb8 10. e4 O-O 11. Be2 Nh5 12. g3 g6 13. Nd2 Ng7 14. O-O-O c6 15.
f4 f6 16. h4 cxd5 17. cxd5 Bd7 18. h5 g5 19. h6 Ne8 20. Rh5 Kh8 21. Rf1 gxf4
22. gxf4 Rg8 23. Nc4 exf4 24. e5 Bb5 25. e6 Bxc4 26. Bxc4 Na6 27. Rf5 Rc8 28.
Bb5 Rg6 29. R5xf4 Kg8 30. Bxe8 Qxe8 31. Rxf6 Nc7 32. Rxg6+ Qxg6 33. Qxg6+ 1-0

[Event "Heart of Finland 2015"]
[Site "Jyvaskyla"]
[Date "2015.07.16"]
[Round "5.15"]
[White "Pershin Denis"]
[Black "Grinberg Iosif"]
[Result "1-0"]
[WhiteElo "2222"]
[BlackElo "2116"]
[PlyCount "83"]
[EventDate "2015.??.??"]
[WhiteClock "0:34:57"]
[BlackClock "0:47:38"]

1. e4 e5 2. Nf3 Nc6 3. Bc4 Bc5 4. b4 Bxb4 5. c3 Be7 6. d4 Na5 7. Nxe5 Nxc4 8.
Nxc4 d5 9. exd5 Qxd5 10. Ne3 Qa5 11. O-O Nf6 12. Re1 O-O 13. Qb3 Qh5 14. c4 Bd6
15. Nf1 b6 16. Ba3 Bxa3 17. Nxa3 Bd7 18. Nc2 Rfe8 19. Qg3 Qg6 20. Nfe3 Qxg3 21.
hxg3 Kf8 22. f3 Rad8 23. g4 h6 24. Kf2 Ba4 25. Rad1 Bxc2 26. Nxc2 Rxe1 27. Rxe1
Ne8 28. Ke3 Nd6 29. Kd3 Re8 30. Rxe8+ Kxe8 31. c5 Nc8 32. Ne3 Ne7 33. Kc4 c6
34. a4 Kd7 35. g3 Ke6 36. f4 f5 37. Nxf5 Nxf5 38. gxf5+ Kxf5 39. cxb6 axb6 40.
d5 c5 41. Kb5 Kf6 42. d6 1-0

[Event "Heart of Finland 2015"]
[Site "Jyvaskyla"]
[Date "2015.07.16"]
[Round "5.16"]
[White "Aseev Vladimir"]
[Black "Annenkov Kirill"]
[Result "0-1"]
[WhiteElo "2085"]
[BlackElo "2210"]
[PlyCount "74"]
[EventDate "2015.??.??"]
[WhiteClock "0:05:12"]
[BlackClock "0:33:55"]

1. d4 d5 2. c4 c6 3. Nf3 Nf6 4. Nc3 dxc4 5. a4 Bf5 6. e3 e6 7. Bxc4 Bb4 8. O-O
O-O 9. Qe2 Nbd7 10. Rd1 Ne4 11. Nxe4 Bxe4 12. Bd2 Bd6 13. Bc3 Qe7 14. Nd2 Bc2
15. Re1 Bg6 16. Nf1 e5 17. d5 e4 18. dxc6 bxc6 19. Bd4 a5 20. Red1 Rab8 21. Ng3
h6 22. Qg4 Bxg3 23. Qxg3 Kh7 24. Qc7 Rfc8 25. Qxa5 c5 26. Bc3 Ne5 27. Bxe5 Qxe5
28. Qc3 Qc7 29. a5 f5 30. Be6 Rd8 31. a6 Qa7 32. h3 Kh8 33. Rdc1 Rd6 34. Qe5
Qe7 35. a7 Ra8 36. Ra6 Rxa6 37. Qb8+ Qe8 0-1

[Event "Heart of Finland 2015"]
[Site "Jyvaskyla"]
[Date "2015.07.16"]
[Round "5.17"]
[White "Franssila Tommi"]
[Black "Radkov Bazhen D."]
[Result "1/2-1/2"]
[WhiteElo "2198"]
[BlackElo "2125"]
[PlyCount "83"]
[EventDate "2015.??.??"]
[WhiteClock "0:30:13"]
[BlackClock "0:29:24"]

1. d4 Nf6 2. Bg5 c5 3. d5 Ne4 4. Bf4 Qb6 5. Qc1 d6 6. f3 Nf6 7. e4 g6 8. Nd2
Bg7 9. Bd3 Nh5 10. Nc4 Qc7 11. Bd2 b5 12. Ba5 Qb7 13. Ne3 O-O 14. Bd2 c4 15.
Bf1 f5 16. Ne2 fxe4 17. fxe4 Nd7 18. a4 Nc5 19. axb5 Nxe4 20. Nc3 Nf2 21. Rg1
Be5 22. g3 Ng4 23. Nxg4 Bxg4 24. Be3 Bxc3+ 25. bxc3 Qxd5 26. Ra4 Rac8 27. Rxa7
Qxb5 28. Rxe7 Rce8 29. Rxe8 Rxe8 30. Bg2 Qe5 31. Kf2 Qxc3 32. Bd5+ Kh8 33. Re1
Re5 34. Bg2 Nf6 35. Qd2 Qxd2+ 36. Bxd2 Rxe1 37. Bxe1 Kg7 38. Bc3 Kf7 39. Ke3
Bf5 40. Kd4 Bxc2 41. Bd5+ Nxd5 42. Kxd5 1/2-1/2

[Event "Heart of Finland 2015"]
[Site "Jyvaskyla"]
[Date "2015.07.16"]
[Round "6.1"]
[White "Moiseenko Vadim"]
[Black "Kulaots Kaido"]
[Result "0-1"]
[WhiteElo "2494"]
[BlackElo "2574"]
[PlyCount "76"]
[EventDate "2015.??.??"]
[WhiteClock "0:23:09"]
[BlackClock "0:08:12"]

1. e4 c5 2. b3 g6 3. Bb2 Nf6 4. e5 Nh5 5. Ne2 Nc6 6. f4 Bh6 7. g3 O-O 8. Bg2 d6
9. O-O dxe5 10. fxe5 Bg4 11. Qe1 Nb4 12. Na3 Qxd2 13. Qxd2 Bxd2 14. Nc3 Rab8
15. Ne4 Be3+ 16. Kh1 b6 17. Rae1 Bh6 18. Bf3 Bxf3+ 19. Rxf3 Ng7 20. g4 Ne6 21.
h4 Rbd8 22. Kg2 Rd5 23. Rf2 Bg7 24. Nd2 Rfd8 25. Nf3 Nxa2 26. Ra1 Nb4 27. Nb5
a5 28. Nc3 R5d7 29. Raf1 Nd5 30. Nxd5 Rxd5 31. Ne1 Rd2 32. Nd3 Rxf2+ 33. Rxf2
b5 34. Bc3 b4 35. Bd2 Rc8 36. h5 c4 37. bxc4 Rxc4 38. h6 Bh8 0-1

[Event "Heart of Finland 2015"]
[Site "Jyvaskyla"]
[Date "2015.07.16"]
[Round "6.2"]
[White "Sklyarov Dmitry"]
[Black "Solozhenkin Evgeny"]
[Result "0-1"]
[WhiteElo "2436"]
[BlackElo "2464"]
[PlyCount "74"]
[EventDate "2015.??.??"]
[WhiteClock "0:13:57"]
[BlackClock "0:14:52"]

1. g3 d5 2. Bg2 Nf6 3. d3 e5 4. Nf3 Nc6 5. O-O Be7 6. a3 a5 7. b3 O-O 8. Bb2 e4
9. dxe4 Nxe4 10. Qc1 Be6 11. Rd1 Bc5 12. e3 Qe7 13. Nc3 Rad8 14. h3 f5 15. Ne2
Bf7 16. Re1 Rfe8 17. Ned4 Bxd4 18. exd4 Bh5 19. c4 dxc4 20. d5 Rxd5 21. bxc4
Rd7 22. Nd2 Bg6 23. c5 Qf7 24. Nxe4 fxe4 25. Bf1 Kh8 26. Bb5 Qe6 27. g4 Rf8 28.
f4 Qb3 29. Bf1 Qg3+ 30. Bg2 Rxf4 31. Rf1 e3 32. Rxf4 Qxf4 33. Qf1 Qf2+ 34. Kh1
Rd2 35. Bc1 Qxf1+ 36. Bxf1 Rd1 37. Bb2 e2 0-1

[Event "Heart of Finland 2015"]
[Site "Jyvaskyla"]
[Date "2015.07.16"]
[Round "6.3"]
[White "Saveliev Aleksei"]
[Black "Alekseenko Kirill"]
[Result "0-1"]
[WhiteElo "2294"]
[BlackElo "2513"]
[PlyCount "112"]
[EventDate "2015.??.??"]
[WhiteClock "0:28:10"]
[BlackClock "0:40:17"]

1. e4 c5 2. Nf3 d6 3. d4 cxd4 4. Nxd4 Nf6 5. Nc3 a6 6. Be2 e5 7. Nb3 Be7 8. Be3
Be6 9. Nd5 Nxd5 10. exd5 Bf5 11. Qd2 O-O 12. O-O Re8 13. a4 a5 14. Kh1 Qc7 15.
Bb5 Rd8 16. Rac1 Nd7 17. f4 exf4 18. Bxf4 Bg6 19. Nd4 Nf6 20. c4 Ne4 21. Qe3
Bf6 22. c5 Bxd4 23. Qxd4 Nxc5 24. Bxd6 Qxd6 25. Rxc5 Be4 26. Rd1 b6 27. Rcc1
Qg6 28. Qf2 Rxd5 29. Rxd5 Bxd5 30. Bf1 Re8 31. Bb5 Rd8 32. Kg1 Qg5 33. Rd1 Be6
34. Rxd8+ Qxd8 35. h3 g6 36. Qf4 Kg7 37. b4 g5 38. Qe5+ Qf6 39. Qe4 Bf5 40. Qc4
Qa1+ 41. Kh2 Qe5+ 42. Kg1 Qe1+ 43. Kh2 Qxb4 44. Qd5 Qc5 45. Qd8 h6 46. Qb8 Qe3
47. Qd8 Be4 48. Qe8 Qf4+ 49. Kg1 h5 50. Qd8 Qe3+ 51. Kh2 h4 52. Bf1 Bc6 53. Qd1
Qf4+ 54. Kg1 Bxa4 55. Qa1+ f6 56. Qe1 Qe5 0-1

[Event "Heart of Finland 2015"]
[Site "Jyvaskyla"]
[Date "2015.07.16"]
[Round "6.4"]
[White "Kiik Kalle"]
[Black "Mertanen Janne"]
[Result "1-0"]
[WhiteElo "2374"]
[BlackElo "2228"]
[PlyCount "97"]
[EventDate "2015.??.??"]
[WhiteClock "0:24:03"]
[BlackClock "0:27:51"]

1. c4 g6 2. Nf3 Bg7 3. Nc3 c5 4. e3 Nf6 5. d4 O-O 6. Be2 cxd4 7. exd4 d5 8. O-O
Nc6 9. Bg5 Ne4 10. Bh4 Nxc3 11. bxc3 dxc4 12. Bxc4 Na5 13. Bd3 Be6 14. Re1 Rc8
15. Rc1 Nc4 16. Be4 Rc7 17. Bg3 Nd6 18. Bb1 Bd5 19. Ne5 Rc8 20. h4 Qa5 21. Nd7
Rfe8 22. h5 Nb5 23. hxg6 hxg6 24. Qd2 Rxc3 25. Be5 Qa3 26. Rcd1 a6 27. Qg5 Rc6
28. Bxg7 Kxg7 29. Qxd5 Qd6 30. Qe5+ f6 31. Qe4 f5 32. Qe5+ Qxe5 33. Nxe5 Rd6
34. Nf3 Kf6 35. Rd3 Red8 36. Red1 g5 37. a4 Nc7 38. Ba2 b5 39. Ne5 Nd5 40. Bxd5
Rxd5 41. axb5 axb5 42. g3 g4 43. Kf1 Ra8 44. Ke2 Ra2+ 45. R1d2 Ra1 46. Rc3 Ra4
47. Ke3 Ra1 48. Nd3 Rd6 49. Rb3 1-0

[Event "Heart of Finland 2015"]
[Site "Jyvaskyla"]
[Date "2015.07.16"]
[Round "6.5"]
[White "Agopov Mikael"]
[Black "Chernyak Viktoria"]
[Result "1-0"]
[WhiteElo "2458"]
[BlackElo "2136"]
[PlyCount "89"]
[EventDate "2015.??.??"]
[WhiteClock "0:55:22"]
[BlackClock "0:42:30"]

1. e4 c5 2. Nf3 d6 3. d4 cxd4 4. Nxd4 Nf6 5. Nc3 g6 6. Be3 a6 7. Qd2 Ng4 8. Bg5
h6 9. Bh4 Bg7 10. f3 Nf6 11. Bc4 Nc6 12. Nxc6 bxc6 13. e5 dxe5 14. Qxd8+ Kxd8
15. Bxf7 g5 16. Bf2 Bf5 17. O-O-O+ Kc7 18. Rhe1 Nd7 19. Bc4 Rhf8 20. Ne4 a5 21.
a4 Rab8 22. Bb3 Rbd8 23. h3 Nb6 24. Bc5 Nc8 25. c3 Rxd1+ 26. Bxd1 Bxe4 27. fxe4
Nd6 28. Kc2 Bf6 29. b4 Nb7 30. Bg1 c5 31. Kb3 e6 32. Be2 Be7 33. Rc1 Bd6 34.
Ba6 Rf4 35. Rd1 Bf8 36. Bh2 Rxe4 37. Rf1 Rf4 38. Bxf4 gxf4 39. Bxb7 Kxb7 40. b5
Bd6 41. Re1 Kb6 42. Kc4 Kc7 43. Kd3 Kb6 44. c4 Kc7 45. Ke4 1-0

[Event "Heart of Finland 2015"]
[Site "Jyvaskyla"]
[Date "2015.07.16"]
[Round "6.6"]
[White "Seeman Tarvo"]
[Black "Pershin Denis"]
[Result "1-0"]
[WhiteElo "2414"]
[BlackElo "2222"]
[PlyCount "83"]
[EventDate "2015.??.??"]
[WhiteClock "0:45:17"]
[BlackClock "0:46:46"]

1. Nf3 Nf6 2. g3 e6 3. Bg2 Be7 4. O-O O-O 5. d3 d5 6. Nbd2 b6 7. e4 c5 8. Re1
Bb7 9. e5 Nfd7 10. h4 Nc6 11. Nf1 Qc7 12. Bf4 Rae8 13. N1h2 Qb8 14. h5 Bd8 15.
h6 g6 16. c4 Bc7 17. Ng4 f5 18. cxd5 exd5 19. Ne3 Ncxe5 20. Nxe5 Bxe5 21. Nxd5
Qd6 22. Qb3 Kh8 23. Bd2 Bxd5 24. Bxd5 f4 25. gxf4 Bxf4 26. Rxe8 Rxe8 27. Bc3+
Be5 28. Re1 Nf6 29. Bf3 Bxc3 30. Rxe8+ Nxe8 31. Qf7 Nc7 32. bxc3 Ne6 33. Bg4
Qf4 34. Bxe6 Qg5+ 35. Kf1 Qc1+ 36. Ke2 Qc2+ 37. Ke3 Qc1+ 38. Ke4 Qh1+ 39. Ke5
Qh2+ 40. Kd5 Qg2+ 41. Kd6 Qh2+ 42. Kd7 1-0